[Event "SVM_Regionalliga_2024-25"]
[Site "?"]
[Date "2025.02.02"]
[Round "7.3"]
[Board "8"]
[White "Möws,Thomas"]
[Black "Hackbusch,Thomas"]
[WhiteTeam "SK Troisdorf"]
[BlackTeam "SG Porz 4"]
[WhiteElo "1814"]
[BlackElo "1798"]
[WhiteDWZ "1697"]
[BlackDWZ "1844"]
[Result "1/2-1/2"]
[PlyCount "115"]
[EventDate "2025.02.02"]
[SourceDate "2025.02.02"]
 
1. d4 Nf6 2. Nc3 d6 3. Nf3 g6 4. Bf4 Bg7 5. Qd2 c6 6. Bh6 Bxh6 7. Qxh6 b5 8. Ng5 Qa5 9. Kd1 Qb4 10. Kc1 Qxd4 11. e3 Qe5 12. Qg7 Rf8 13. h4 Nbd7 14. Be2 b4 15. Nd1 Nb6 16. f4 Qc5 17. h5 Bf5 18. e4 Bxe4 19. Nxe4 Nxe4 20. hxg6 hxg6 21. Bg4 f5 22. Qxg6+ Kd8 23. Qg7 Kd7 24. Rh7 d5 25. Bf3 Qd6 26. Qh6 Qxh6 27. Rxh6 Rh8 28. Rxh8 Rxh8 29. Bxe4 dxe4 30. a3 a5 31. axb4 axb4 32. Kd2 Nd5 33. Ra7+ Ke6 34. Ra6 Rc8 35. g3 Kd6 36. Ne3 Nxe3 37. Kxe3 Rg8 38. Kf2 Rh8 39. Kg2 Kd5 40. Ra7 e6 41. Rd7+ Kc5 42. Rd2 Ra8 43. b3 Ra1 44. Kf2 Rh1 45. Kg2 Re1 46. Kf2 Rh1 47. Kg2 {(=)} Rh7 48. Kg1 Re7 49. Kf2 Kb5 50. Rd8 c5 51. Rb8+ Kc6 52. Rc8+ Rc7 53. Rd8 Rd7 54. Rc8+ Kd5 55. Ke3 Rd6 56. Rc7 {(=)} Ra6 57. Rd7+ Kc6 58. Rd2 {(=)} 1/2-1/2

[Event "SVM_Regionalliga_2024-25"]
[Site "?"]
[Date "2025.02.02"]
[Round "7.4"]
[Board "1"]
[White "Menzel,Maximilian"]
[Black "Karimi,Farhad"]
[WhiteTeam "SG Porz 3"]
[BlackTeam "Klub Kölner SF 3"]
[WhiteElo "2194"]
[BlackElo "2038"]
[WhiteDWZ "2157"]
[BlackDWZ "2056"]
[Result "1-0"]
[PlyCount "111"]
[EventDate "2025.02.02"]
[SourceDate "2025.02.02"]
 
1. d4 Nf6 2. Nf3 e6 3. g3 d5 4. Bg2 Be7 5. O-O O-O 6. c4 Nbd7 7. Qc2 c6 8. Nbd2 b6 9. e4 dxc4 10. Nxc4 Ba6 11. e5 Nd5 12. Rd1 Rc8 13. Ne3 Rc7 14. h4 Re8 15. Ng5 Nf8 16. Qb3 Qd7 17. Ne4 Be2 18. Re1 Nxe3 19. Bxe3 Bh5 20. Rac1 Rcc8 21. Rc3 Kh8 22. Rec1 Bg6 23. Ng5 h6 24. Nh3 c5 25. dxc5 bxc5 26. Bxc5 Bxc5 27. Rxc5 Rb8 28. Qc3 Red8 29. Nf4 Qd2 30. Nxg6+ Nxg6 31. Qxd2 Rxd2 32. Rc8+ Rxc8 33. Rxc8+ Kh7 34. Be4 h5 35. Rc2 Rd1+ 36. Kg2 Kh6 37. f4 Rd7 38. Kf2 Ne7 39. Ke2 g6 40. a3 Kg7 41. b4 Rd4 42. Ke3 Rd7 43. b5 Kf8 44. a4 Nf5+ 45. Kf2 Rd4 46. Rc8+ Kg7 47. Bc2 Rb4 48. Rc7 Rb2 49. Ke2 Nxg3+ 50. Kd3 Rb4 51. Rxa7 Ne4 52. Rc7 Nf2+ 53. Kc3 Rxf4 54. b6 Rf3+ 55. Kb2 Rf4 56. Kb3 1-0

[Event "SVM_Regionalliga_2024-25"]
[Site "?"]
[Date "2025.02.02"]
[Round "7.4"]
[Board "3"]
[White "Kremser,Michael"]
[Black "Theisen,Johannes"]
[WhiteTeam "SG Porz 3"]
[BlackTeam "Klub Kölner SF 3"]
[WhiteElo "2024"]
[BlackElo "1858"]
[WhiteDWZ "2084"]
[BlackDWZ "1909"]
[Result "1/2-1/2"]
[PlyCount "143"]
[EventDate "2025.02.02"]
[SourceDate "2025.02.02"]
 
1. d4 d5 2. c4 e6 3. g3 dxc4 4. Nf3 c5 5. Qa4+ Nc6 6. dxc5 Bxc5 7. Qxc4 Qb6 8. e3 Nf6 9. Bg2 e5 10. Ng5 O-O 11. O-O h6 12. Ne4 Nxe4 13. Qxe4 Be6 14. Nc3 f5 15. Qb1 e4 16. Na4 Qb5 17. Nxc5 Qxc5 18. Bd2 Ne5 19. Bc3 Nf3+ 20. Kh1 Bc4 21. Rd1 Ne5 22. b4 Qe7 23. Bxe5 Qxe5 24. Rd4 Bd3 25. Qb3+ Kh8 26. Rc1 Rfd8 27. Rxd8+ Rxd8 28. h4 Qd5 29. Rc5 Qxb3 {(=)} 30. axb3 g6 31. h5 b6 32. Rc7 gxh5 33. Rxa7 Be2 34. Rf7 Rd5 35. Rf6 Rb5 36. Rxh6+ Kg7 37. Rc6 Rxb4 38. Rc3 Bd1 39. Bh3 Bg4 40. Bf1 Kg6 41. Bc4 Kg5 42. Kg2 h4 43. gxh4+ Kxh4 44. Rc1 Bh5 45. Rh1+ Kg5 46. Kg3 Be8 47. Rh8 Bb5 48. Rg8+ Kf6 49. Kf4 Bxc4 50. bxc4 Rb2 51. Rg2 Rc2 52. Rh2 Rxc4 53. Rh6+ Kg7 54. Rxb6 Rc2 55. Kxf5 Rxf2+ 56. Kxe4 Rh2 57. Kf5 Rh5+ 58. Kg4 Ra5 59. e4 Kf7 60. Kf4 Ke7 61. Rc6 Rb5 62. Ra6 Rc5 63. Ke3 Rh5 64. Kd4 Rg5 65. Ke3 Rh5 66. Kf4 Rb5 67. e5 Rb1 68. Kf5 Rf1+ 69. Ke4 Re1+ 70. Kf5 Rf1+ 71. Ke4 Re1+ 72. Kf5 1/2-1/2

[Event "SVM_Regionalliga_2024-25"]
[Site "?"]
[Date "2025.02.02"]
[Round "7.4"]
[Board "5"]
[White "Spindler,Florian"]
[Black "Graf,Peter"]
[WhiteTeam "SG Porz 3"]
[BlackTeam "Klub Kölner SF 3"]
[WhiteElo "1993"]
[BlackElo "1971"]
[WhiteDWZ "2005"]
[BlackDWZ "1954"]
[Result "1-0"]
[PlyCount "61"]
[EventDate "2025.02.02"]
[SourceDate "2025.02.02"]
 
1. d4 Nf6 2. c4 e6 3. Nf3 c5 4. d5 d6 5. Nc3 exd5 6. cxd5 g6 7. e4 Bg7 8. Bf4 Nh5 9. Bg5 Qa5 10. Qb3 a6 11. Bd2 Qc7 12. a4 Nd7 13. Be2 O-O 14. O-O Re8 15. Rfe1 Nhf6 16. Bf1 Ng4 17. Rad1 b6 18. h3 Nge5 19. Nxe5 Bxe5 20. f4 Bd4+ 21. Be3 Bxc3 22. Qxc3 Bb7 23. e5 dxe5 24. d6 Qc6 25. fxe5 Nxe5 26. Bh6 f6 27. d7 Red8 28. Rxe5 Rxd7 29. Qc4+ Kh8 30. Re6 Qc7 31. Rde1 1-0

[Event "SVM_Regionalliga_2024-25"]
[Site "?"]
[Date "2025.02.02"]
[Round "7.4"]
[Board "6"]
[White "Richter,Götz"]
[Black "Kagan,Dennis"]
[WhiteTeam "Klub Kölner SF 3"]
[BlackTeam "SG Porz 3"]
[WhiteElo "1984"]
[BlackElo "2021"]
[WhiteDWZ "1889"]
[BlackDWZ "2004"]
[Result "1/2-1/2"]
[PlyCount "55"]
[EventDate "2025.02.02"]
[SourceDate "2025.02.02"]
 
1. e4 c5 2. Nf3 d6 3. Bb5+ Bd7 4. a4 Nf6 5. Nc3 g6 6. O-O Bg7 7. d3 O-O 8. h3 Nc6 9. Be3 b6 10. Qd2 a6 11. Bc4 Na5 12. Ba2 Qc7 13. Ng5 b5 14. axb5 axb5 15. f4 c4 16. Qf2 b4 17. Ne2 b3 18. Bb1 bxc2 19. Bxc2 Rab8 20. Bd4 cxd3 21. Bxd3 Nb3 22. Ra7 Rb7 23. Be3 Rxa7 24. Bxa7 h6 25. Nf3 Bc6 26. Nc3 Qb7 27. e5 Ne4 28. Nxe4 {(=)} 1/2-1/2

[Event "SVM_Regionalliga_2024-25"]
[Site "?"]
[Date "2025.02.02"]
[Round "7.4"]
[Board "7"]
[White "Slowik,Martin"]
[Black "Pragua,Christoph"]
[WhiteTeam "SG Porz 3"]
[BlackTeam "Klub Kölner SF 3"]
[WhiteElo "1984"]
[BlackElo "2031"]
[WhiteDWZ "1994"]
[BlackDWZ "1909"]
[Result "1/2-1/2"]
[PlyCount "60"]
[EventDate "2025.02.02"]
[SourceDate "2025.02.02"]
 
1. d4 g6 2. e4 Bg7 3. Nc3 c6 4. Nf3 d5 5. e5 Bg4 6. h3 Bxf3 7. Qxf3 e6 8. Bd3 Nd7 9. O-O a6 10. Ne2 Ne7 11. c3 c5 12. Bg5 O-O 13. Qe3 cxd4 14. cxd4 Qe8 15. Qd2 Nc6 16. Rfe1 Rc8 17. Rad1 f6 18. exf6 Bxf6 19. Bh6 Rf7 20. Bb1 Nf8 21. Qe3 Re7 22. Qf3 Qf7 23. Qg4 Rd8 24. Bg5 e5 25. dxe5 Rxe5 26. Bxf6 Qxf6 27. Nc3 Qe7 28. Rxe5 Qxe5 29. Qf3 d4 30. Ne4 Kg7 {(=)} 1/2-1/2

[Event "SVM_Regionalliga_2024-25"]
[Site "?"]
[Date "2025.02.02"]
[Round "7.5"]
[Board "1"]
[White "Henrotte,Nils"]
[Black "Krings,Thomas"]
[WhiteTeam "Eschweiler SC 1"]
[BlackTeam "SV Horrem 1"]
[WhiteElo "1987"]
[BlackElo "1766"]
[WhiteDWZ "1957"]
[BlackDWZ "2045"]
[Result "1/2-1/2"]
[PlyCount "23"]
[EventDate "2025.02.02"]
[SourceDate "2025.02.02"]
 
1. e3 Nf6 2. b3 g6 3. Bb2 Bg7 4. Nf3 O-O 5. c4 c5 6. Be2 d6 7. O-O b6 8. Nc3
Bb7 9. Qc2 Nc6 10. a3 e6 11. Rfd1 Qe7 12. d4 {(=)} 1/2-1/2

[Event "SVM_Regionalliga_2024-25"]
[Site "?"]
[Date "2025.02.02"]
[Round "7.5"]
[Board "2"]
[White "Bien,Stefan"]
[Black "Kliffken,Julian"]
[WhiteTeam "SV Horrem 1"]
[BlackTeam "Eschweiler SC 1"]
[WhiteElo "1983"]
[BlackElo "1767"]
[WhiteDWZ "2022"]
[BlackDWZ "2031"]
[Result "1/2-1/2"]
[PlyCount "98"]
[EventDate "2025.02.02"]
[SourceDate "2025.02.02"]
 
1. d4 Nf6 2. Nf3 d5 3. g3 c5 4. c3 cxd4 5. cxd4 Nc6 6. Bg2 Qb6 7. Nc3 h6 8. O-O
Bf5 9. Na4 Qd8 10. Nc5 b6 11. Nd3 e6 12. Nfe5 Nxe5 13. Nxe5 Nd7 14. Qa4 a6 15.
Qxd7+ Qxd7 16. Nxd7 Kxd7 17. Bd2 Be7 18. Rfc1 Bf6 19. e3 Rhc8
20. Bf1 Be7 21. Be2 Bc2 22. Bc3 Ba4 23. Bd2 Bb5 24. Kf1 g6 25. Ke1 h5 26. Rxc8
Rxc8 27. Rc1 Rxc1+ 28. Bxc1 Bxe2 29. Kxe2 f6 30. h3 e5 31. f3
e4 32. Bd2 f5 33. f4 Kc6 34. h4 Kb5 35. Kd1 a5 36. b3 a4 37. Bc1 Kb4 38. Kc2
axb3+ 39. axb3 Ka5 40. Kd1 Bb4 41. Bb2 Kb5 42. Bc1 Bc3 43. Ba3 Ka5 44. Ke2 Kb5
45. Kd1 Bb4 46. Bb2 Ba5 47. Ba3 Bc3 48. Ke2 Ka5 49. Kd1 Kb5 {(=)} 1/2-1/2

[Event "SVM_Regionalliga_2024-25"]
[Site "?"]
[Date "2025.02.02"]
[Round "7.5"]
[Board "3"]
[White "Singh,Marcel"]
[Black "Schulz,Wilhelm"]
[WhiteTeam "Eschweiler SC 1"]
[BlackTeam "SV Horrem 1"]
[WhiteElo "1929"]
[BlackElo "2046"]
[WhiteDWZ "1824"]
[BlackDWZ "2002"]
[Result "1/2-1/2"]
[PlyCount "21"]
[EventDate "2025.02.02"]
[SourceDate "2025.02.02"]
 
1. e4 c5 2. c3 d5 3. exd5 Qxd5 4. d4 Nf6 5. Nf3 e6 6. Na3 Nc6 7. Nb5 Qd8 8.
dxc5 Bxc5 9. Qxd8+ Kxd8 10. Bg5 a6 11. Rd1+ {(=)} 1/2-1/2

[Event "SVM_Regionalliga_2024-25"]
[Site "?"]
[Date "2025.02.02"]
[Round "7.5"]
[Board "4"]
[White "Tonev,Vasil"]
[Black "Schüller,Tobias"]
[WhiteTeam "SV Horrem 1"]
[BlackTeam "Eschweiler SC 1"]
[WhiteElo "1840"]
[BlackElo "2015"]
[WhiteDWZ "1831"]
[BlackDWZ "1996"]
[Result "0-1"]
[PlyCount "94"]
[EventDate "2025.02.02"]
[SourceDate "2025.02.02"]
 
1. d4 d5 2. Nf3 c5 3. g3 cxd4 4. Bg2 Nf6 5. O-O e6 6. b3 Nc6 7. Nxd4 Be7 8. Bb2
O-O 9. Nd2 Bd7 10. c4 Nxd4 11. Bxd4 Bc6 12. Rc1 Qa5 13. Rc2 Rfd8 14. Qa1 Qa6
15. cxd5 Bxd5 16. e4 Qd3 17. Qc3 Qxc3 18. Bxc3 Bc6 19. f3 Bb5 20. Nc4 Bxc4 21.
bxc4 Bc5+ 22. Kh1 Bd4 23. Bd2 Rd7 24. h3 Rc8 25. Rfc1 Bf2 26. Bf4 Bc5 27. Kh2
b6 28. Rd2 Rxd2 29. Bxd2 Nd7 30. f4 e5 31. Bf3 Rd8 32. Bc3 exf4 33. Rd1 fxg3+
34. Kxg3 Be7 35. Bb4 Kf8 36. Bg4 Ke8 37. Bd6 Bxd6+ 38. Rxd6 Ne5 39. Rxd8+ Kxd8
40. Be2 Ke7 41. Kf4 Kd6 42. h4 Ng6+ 43. Kg4 Ke5 44. h5 Nf4 45. Bf3 h6 46. Kg3
Ne6 47. Bg2 Ng5 0-1

[Event "SVM_Regionalliga_2024-25"]
[Site "?"]
[Date "2025.02.02"]
[Round "7.5"]
[Board "5"]
[White "Weisshaupt,Rainer"]
[Black "Block,Wolfgang"]
[WhiteTeam "Eschweiler SC 1"]
[BlackTeam "SV Horrem 1"]
[WhiteElo "2059"]
[BlackElo "2071"]
[WhiteDWZ "1921"]
[BlackDWZ "1903"]
[Result "1/2-1/2"]
[PlyCount "93"]
[EventDate "2025.02.02"]
[SourceDate "2025.02.02"]
 
1. e4 c6 2. Nc3 d5 3. Nf3 Bg4 4. h3 Bxf3 5. Qxf3 e6 6. d3 Bd6 7. Bf4 Bxf4 8.
Qxf4 Nd7 9. O-O-O Qb8 10. Qxb8+ Rxb8 11. exd5 cxd5 12. d4 Ngf6 13. Bd3 O-O 14.
Rhe1 a6 15. g4 Rfc8 16. f4 Nf8 17. f5 exf5 18. Bxf5 Re8 19. g5 Rxe1 20. Rxe1
Re8 21. Rxe8 Nxe8 22. Nxd5 Nd6 23. Ne7+ Kh8 24. Bg4 Ne6 25. Bxe6 fxe6 26. g6
hxg6 27. Nxg6+ Kg8 28. Kd2 Kf7 29. Ne5+ Kf6 30. Ke3 b5 31. c3 Kf5 32. b3 Ne4
33. c4 Nc3 34. a3 Nb1 35. a4 bxa4 36. bxa4 Nc3 37. a5 Ne4 38. Nd7 Nd6 39. Ne5
Nb7 40. Nc6 Kg5 41. Kf3 Kh4 42. Kg2 g5 43. c5 g4 44. hxg4 Kxg4 45. Nb4 Nxa5 46.
Nxa6 Nc6 47. Nc7 {(=)} 1/2-1/2

[Event "SVM_Regionalliga_2024-25"]
[Site "?"]
[Date "2025.02.02"]
[Round "7.5"]
[Board "7"]
[White "Huppertz,Andrea"]
[Black "Olschewski,Martin"]
[WhiteTeam "Eschweiler SC 1"]
[BlackTeam "SV Horrem 1"]
[WhiteElo "1888"]
[BlackElo "1791"]
[WhiteDWZ "1752"]
[BlackDWZ "1694"]
[Result "1/2-1/2"]
[PlyCount "96"]
[EventDate "2025.02.02"]
[SourceDate "2025.02.02"]
 
1. d4 Nf6 2. Nf3 g6 3. Bf4 d5 4. e3 Bg7 5. c4 c6 6. Nc3 O-O 7. Qb3 Qb6 8. c5
Qxb3 9. axb3 Bf5 10. b4 Ne4 11. b5 Nxc3 12. bxc3 Nd7 13. Kd2 Nf6 14. bxc6 bxc6
15. Bd3 Ne4+ 16. Bxe4 Bxe4 17. Ra6 Rfc8 18. Rha1 f6 19. Rxa7 Rxa7 20. Rxa7 Kf8
21. Rb7 h5 22. Rb8 Rxb8 23. Bxb8 Kf7 24. Ne1 g5 25. f3 Bf5 26. Nd3 Bh6 27. Nb4 Bd7 28. Kd3 f5 29. c4 e6 30.
e4 fxe4+ 31. fxe4 dxc4+ 32. Kxc4 g4 33. Nd3 Be8 34. Bf4 Bg7 35. h3 gxh3 36.
gxh3 Bf6 37. Ne1 Ke7 38. Nf3 Kd7 39. Bg5 Bg7 40. h4 Bg6 41. Nd2 Bf7 42. Kd3 e5
43. Nf3 exd4 44. Bf4 Bf6 45. e5 Be7 46. Kxd4 Bd5 47. Ng5 Bxg5 48. hxg5 Ke6 {(=)}
1/2-1/2

[Event "SVM_Regionalliga_2024-25"]
[Site "?"]
[Date "2025.02.02"]
[Round "7.6"]
[Board "1"]
[White "Kocur,Alois"]
[Black "Esser,Michael"]
[WhiteTeam "SV Springer Hitdorf 1"]
[BlackTeam "Bayer Leverkusen 1"]
[WhiteElo "2243"]
[BlackElo "1998"]
[WhiteDWZ "2180"]
[BlackDWZ "2017"]
[Result "1/2-1/2"]
[PlyCount "34"]
[EventDate "2025.02.02"]
[SourceDate "2025.02.02"]
 
1. e4 e6 2. d4 d5 3. Nd2 dxe4 4. Nxe4 Nd7 5. Nf3 Ngf6 6. Bd3 Nxe4 7. Bxe4 Nf6 8. Bd3 c5 9. dxc5 Qa5+ 10. c3 Qxc5 11. Bg5 Be7 12. Qe2 Bd7 13. Ne5 Rd8 14. Rd1 Ba4 15. b3 Bc6 16. Nxc6 bxc6 17. Bxf6 Bxf6 {(=)} 1/2-1/2

[Event "SVM_Regionalliga_2024-25"]
[Site "?"]
[Date "2025.02.02"]
[Round "7.6"]
[Board "3"]
[White "Schmitz,Andreas Arnold"]
[Black "Mazaheri Tehrani,Mehrdad"]
[WhiteTeam "SV Springer Hitdorf 1"]
[BlackTeam "Bayer Leverkusen 1"]
[WhiteElo "1967"]
[BlackElo "1921"]
[WhiteDWZ "2021"]
[BlackDWZ "1862"]
[Result "1-0"]
[PlyCount "167"]
[EventDate "2025.02.02"]
[SourceDate "2025.02.02"]
 
1. e4 c5 2. c3 e5 3. Nf3 Nf6 4. Nxe5 d6 5. Bb5+ Nbd7 6. Nxd7 Nxd7 7. O-O Be7 8. d4 O-O 9. Be3 Qb6 10. Bxd7 Bxd7 11. dxc5 Qxb2 12. cxd6 Bf6 13. Nd2 Qxc3 14. Nb3 Bc6 15. Rc1 Qb4 16. f3 Rfd8 17. Rc5 Bb5 18. a3 Qa4 19. Nd4 Qxa3 20. Qc1 Qxc1 21. Rfxc1 Bxd4 22. Bxd4 Bc6 {(=)} 23. e5 f6 24. f4 Kf7 25. Ra5 a6 26. Bb6 Rd7 27. Bc7 f5 28. g4 g6 29. g5 Ke6 30. Rc3 Be4 31. h4 Bc6 32. Kf2 Rh8 33. Rh3 h6 34. Raa3 h5 35. Ra5 Ra8 36. Rc3 Be4 37. Ke3 Rh7 38. Kd4 Rd7 39. Bb6 Bc6 40. Rac5 Rc8 41. Rc1 Kf7 42. Kc3 Ke6 43. Kb4 Rh7 44. Ka5 Rd7 45. Bc7 Be4 46. Re1 Bf3 47. Re3 Bg2 48. Rec3 Be4 49. Kb6 Ra8 50. Ka5 Rc8 51. Bb6 Rxc5+ 52. Rxc5 Bf3 53. Rc8 Bd5 54. Rf8 Rg7 55. Kb4 Kd7 56. Kc5 Rg8 57. Rf6 Be6 58. Bc7 b5 59. Ba5 Rc8+ 60. Bc7 Rg8 61. Kb4 Bc4 62. Ka5 Bd5 63. Bb6 Bc4 64. Bc5 Be6 65. Bb4 Bd5 66. Kxa6 Bc4 67. Kb6 Rb8+ 68. Kc5 Rg8 69. Ba5 Ba2 70. Kxb5 Bb3 71. Bc7 Ba2 72. Kc5 Bb3 73. Kd4 Ba2 74. Bd8 Be6 75. Be7 Ba2 76. Bf8 Be6 77. Bh6 Ba2 78. e6+ Bxe6 79. Ke5 Bb3 80. Rf8 Rxf8 81. Bxf8 Bf7 82. Kf6 Be8 83. Be7 Kc6 84. Ke6 1-0

[Event "SVM_Regionalliga_2024-25"]
[Site "?"]
[Date "2025.02.02"]
[Round "7.6"]
[Board "5"]
[White "Pyrowicz,Jacek"]
[Black "Eßer,Julian"]
[WhiteTeam "SV Springer Hitdorf 1"]
[BlackTeam "Bayer Leverkusen 1"]
[WhiteElo "1929"]
[BlackElo "1939"]
[WhiteDWZ "1852"]
[BlackDWZ "1971"]
[Result "0-1"]
[PlyCount "71"]
[EventDate "2025.02.02"]
[SourceDate "2025.02.02"]
 
1. d4 Nf6 2. Bf4 g6 3. c4 Bg7 4. Nc3 d5 5. e3 a6 6. Qb3 dxc4 7. Bxc4 O-O 8. Nd5 Nxd5 9. Bxd5 Nd7 10. Rc1 c6 11. Bf3 e5 12. dxe5 Nxe5 13. Rd1 Qa5+ 14. Kf1 Be6 15. Qc3 Qxc3 16. bxc3 Nxf3 17. gxf3 Bxc3 18. Rc1 Bf6 19. Rc2 Rfd8 20. Kg2 Rd1 21. h4 h5 22. Ne2 Rxh1 23. Kxh1 Bxh4 24. Rb2 b5 25. Rc2 Rc8 26. Nd4 c5 27. Nxe6 fxe6 28. Bd6 c4 29. Bb4 Kf7 30. Rd2 Rd8 31. Rc2 Be7 32. Ba5 Rc8 33. Kg2 Bd8 34. Bc3 Be7 35. f4 b4 36. Be5 0-1

[Event "SVM_Regionalliga_2024-25"]
[Site "?"]
[Date "2025.02.02"]
[Round "7.6"]
[Board "6"]
[White "Petrovic,Julijan"]
[Black "Schmitz,Manuela"]
[WhiteTeam "Bayer Leverkusen 1"]
[BlackTeam "SV Springer Hitdorf 1"]
[WhiteElo "1814"]
[BlackElo "1815"]
[WhiteDWZ "1788"]
[BlackDWZ "1846"]
[Result "1/2-1/2"]
[PlyCount "27"]
[EventDate "2025.02.02"]
[SourceDate "2025.02.02"]
 
1. c4 e6 2. Nf3 Nf6 3. g3 d5 4. Bg2 Be7 5. O-O O-O 6. b3 b6 7. d4 Bb7 8. Ba3 Nbd7 9. Ne5 Nxe5 10. dxe5 Ng4 11. Qd4 Bxa3 12. Nxa3 Nh6 13. Rfd1 Qe7 14. Qb2 {(=)} 1/2-1/2

[Event "SVM_Regionalliga_2024-25"]
[Site "?"]
[Date "2025.02.23"]
[Round "8.2"]
[Board "1"]
[White "Esser,Michael"]
[Black "Henrotte,Nils"]
[WhiteTeam "Bayer Leverkusen 1"]
[BlackTeam "Eschweiler SC 1"]
[WhiteElo "1998"]
[BlackElo "1987"]
[WhiteDWZ "2017"]
[BlackDWZ "1957"]
[Result "1/2-1/2"]
[PlyCount "111"]
[EventDate "2025.02.23"]
[SourceDate "2025.02.23"]
 
1. e4 e6 2. d4 d5 3. Nc3 Nc6 4. e5 f6 5. Nf3 Bd7 6. a3 Qe7 7. Bd3 Qf7 8. Qe2 O-O-O 9. exf6 gxf6 10. Bd2 e5 11. dxe5 Nxe5 12. O-O-O Nxd3+ 13. Qxd3 Ne7 14. Be3 Bf5 15. Qb5 a6 16. Qb3 Bg4 17. Rd3 Bxf3 18. gxf3 Qh5 19. Bc5 Qe5 20. Rhd1 Qxh2 21. Bxe7 Bxe7 22. Nxd5 Bd6 23. Kb1 Qe5 24. Qc4 f5 25. Re3 Qh2 26. f4 Qh5 27. Rde1 Rhe8 28. Nf6 Rxe3 29. fxe3 Qg6 30. Qe6+ Kb8 31. Nd7+ Ka7 32. Qxg6 hxg6 33. Nf6 Be7 34. Nh7 Rh8 35. Ng5 Bxg5 36. fxg5 Rh5 37. e4 fxe4 38. Rxe4 Rxg5 39. Re6 Rg1+ 40. Ka2 Rg2 41. Kb3 g5 42. Rg6 a5 43. c4 c6 44. c5 Ka6 45. Rg7 Rg3+ 46. Ka4 Rg4+ 47. Kb3 a4+ 48. Kc3 Rg3+ 49. Kb4 Rb3+ 50. Kxa4 Rxb2 51. Rxg5 Rb5 52. Rh5 Ka7 53. Rg5 Kb8 54. Rg8+ Kc7 55. Rg7+ {(=)} Kc8 56. Rc7+ {(=)} 
1/2-1/2

[Event "SVM_Regionalliga_2024-25"]
[Site "?"]
[Date "2025.02.23"]
[Round "8.2"]
[Board "2"]
[White "Kliffken,Julian"]
[Black "Böhm,Stefan"]
[WhiteTeam "Eschweiler SC 1"]
[BlackTeam "Bayer Leverkusen 1"]
[WhiteElo "1897"]
[BlackElo "1963"]
[WhiteDWZ "2031"]
[BlackDWZ "1961"]
[Result "0-1"]
[PlyCount "74"]
[EventDate "2025.02.23"]
[SourceDate "2025.02.23"]
 
1. d4 d5 2. c4 e6 3. Nc3 c5 4. cxd5 exd5 5. Nf3 Nf6 6. Bg5 Be6 7. Bxf6 Qxf6 8. e4 dxe4 9. Nxe4 Qf4 10. Bb5+ Nc6 11. Qe2 O-O-O 12. Bxc6 bxc6 13. O-O Bd5 14. Nxc5 Bxc5 15. dxc5 Bc4 16. Qe5 Qxe5 17. Nxe5 Bxf1 18. Kxf1 Rd2 19. Nxf7 Rf8 20. Nd6+ Kc7 21. f3 Rxb2 22. Re1 Rd8 23. Re7+ Rd7 24. Re8 Rb8 25. Re3 Rb1+ 26. Kf2 Rc1 27. Ne4 Rc2+ 28. Re2 Rxe2+ 29. Kxe2 Rd4 30. Ke3 Ra4 31. g4 Rxa2 32. h4 a5 33. Ng5 a4 34. Kd3 a3 35. Ne6+ Kd7 36. Nd4 Rh2 37. Nc2 a2 0-1

[Event "SVM_Regionalliga_2024-25"]
[Site "?"]
[Date "2025.02.23"]
[Round "8.2"]
[Board "3"]
[White "Claßen,Harald"]
[Black "Singh,Marcel"]
[WhiteTeam "Bayer Leverkusen 1"]
[BlackTeam "Eschweiler SC 1"]
[WhiteElo "1970"]
[BlackElo "1929"]
[WhiteDWZ "1944"]
[BlackDWZ "1824"]
[Result "1-0"]
[PlyCount "81"]
[EventDate "2025.02.23"]
[SourceDate "2025.02.23"]
 
1. c4 Nf6 2. Nc3 e5 3. Nf3 Nc6 4. g3 d5 5. cxd5 Nxd5 6. Bg2 Be7 7. O-O O-O 8. d4 exd4 9. Nb5 Bf6 10. Nbxd4 Nxd4 11. Nxd4 Nb4 12. Be3 Qe7 13. a3 Na6 14. Qc2 c5 15. Nb5 Bd7 16. Nc3 Bxc3 17. Qxc3 Be6 18. Rac1 Rac8 19. Qa5 Qc7 20. Qb5 Bd7 21. Qxb7 Nb8 22. Qxc7 Rxc7 23. Rxc5 Rfc8 24. Rfc1 Rxc5 25. Rxc5 Rxc5 26. Bxc5 a5 27. e3 a4 28. Kf1 Bb5+ 29. Ke1 Nd7 30. Bd4 Kf8 31. Kd2 f6 32. Kc3 Nb8 33. Be4 Kf7 34. Kb4 Bd7 35. Bc2 Nc6+ 36. Kc5 Na5 37. Bc3 Nb7+ 38. Kb4 Nd6 39. Bxa4 Bxa4 40. Kxa4 Ne4 41. f3 1-0

[Event "SVM_Regionalliga_2024-25"]
[Site "?"]
[Date "2025.02.23"]
[Round "8.2"]
[Board "4"]
[White "Weisshaupt,Rainer"]
[Black "Mazaheri Tehrani,Mehrdad"]
[WhiteTeam "Eschweiler SC 1"]
[BlackTeam "Bayer Leverkusen 1"]
[WhiteElo "2059"]
[BlackElo "1921"]
[WhiteDWZ "1921"]
[BlackDWZ "1862"]
[Result "1-0"]
[PlyCount "81"]
[EventDate "2025.02.23"]
[SourceDate "2025.02.23"]
 
1. e4 e5 2. Nf3 Nc6 3. Bc4 Bc5 4. d3 Nf6 5. O-O O-O 6. c3 d5 7. exd5 Nxd5 8. Bg5 f6 9. Bh4 Kh8 10. a4 a6 11. Re1 Bf5 12. Nxe5 Nce7 13. Nf3 Nb6 14. b4 Nxc4 15. dxc4 Qxd1 16. Rxd1 Ba7 17. Bg3 Rad8 18. Na3 Bb8 19. a5 Rd3 20. Rxd3 Bxd3 21. Rd1 Bf5 22. h3 Bc8 23. Nd4 f5 24. Re1 Ng6 25. f3 Kg8 26. Kf1 f4 27. Bf2 c6 28. Nb3 Ne5 29. Bd4 Re8 30. Nc5 Kf7 31. Ne4 h6 32. c5 Be6 33. Nd6+ Bxd6 34. cxd6 Nc4 35. Rxe6 Nd2+ 36. Ke2 Rxe6+ 37. Kxd2 Rg6 38. Nc4 Rxg2+ 39. Kd3 Ke6 40. Bc5 Kd7 41. Ne5+ 1-0

[Event "SVM_Regionalliga_2024-25"]
[Site "?"]
[Date "2025.02.23"]
[Round "8.2"]
[Board "6"]
[White "Federau,Jürgen"]
[Black "Eßer,Julian"]
[WhiteTeam "Eschweiler SC 1"]
[BlackTeam "Bayer Leverkusen 1"]
[WhiteElo "2124"]
[BlackElo "1939"]
[WhiteDWZ "2142"]
[BlackDWZ "1971"]
[Result "1/2-1/2"]
[PlyCount "27"]
[EventDate "2025.02.23"]
[SourceDate "2025.02.23"]
 
1. d4 Nf6 2. Nf3 g6 3. g3 Bg7 4. Bg2 c5 5. dxc5 Qa5+ 6. c3 Qxc5 7. Be3 Qc7 8. O-O O-O 9. h3 Nc6 10. Na3 d6 11. Nb5 Qa5 12. Nbd4 Bd7 13. b4 Qc7 14. Qb3 {(=)} 1/2-1/2

[Event "SVM_Regionalliga_2024-25"]
[Site "?"]
[Date "2025.02.23"]
[Round "8.2"]
[Board "7"]
[White "Henseler,Klaus"]
[Black "Oepen,Lothar"]
[WhiteTeam "Bayer Leverkusen 1"]
[BlackTeam "Eschweiler SC 1"]
[WhiteElo "1926"]
[BlackElo "2064"]
[WhiteDWZ "1796"]
[BlackDWZ "2036"]
[Result "1/2-1/2"]
[PlyCount "32"]
[EventDate "2025.02.23"]
[SourceDate "2025.02.23"]
 
1. d4 e6 2. Nf3 d5 3. Bf4 c5 4. e3 Nc6 5. c3 a6 6. Bd3 f5 7. O-O Nf6 8. Nbd2 Be7 9. Ne5 O-O 10. Nxc6 bxc6 11. dxc5 Bxc5 12. Qa4 Bb7 13. Nb3 Bb6 14. Nd4 Qc8 15. Qb3 Bxd4 16. cxd4 a5 {(=)} 1/2-1/2

[Event "SVM_Regionalliga_2024-25"]
[Site "?"]
[Date "2025.02.23"]
[Round "8.2"]
[Board "8"]
[White "Bieberle,Gerhart"]
[Black "Petrovic,Julijan"]
[WhiteTeam "Eschweiler SC 1"]
[BlackTeam "Bayer Leverkusen 1"]
[WhiteElo "1936"]
[BlackElo "1814"]
[WhiteDWZ "1728"]
[BlackDWZ "1788"]
[Result "1/2-1/2"]
[PlyCount "80"]
[EventDate "2025.02.23"]
[SourceDate "2025.02.23"]
 
1. Nf3 Nf6 2. d4 d5 3. e3 e6 4. Bd3 c5 5. c3 Bd6 6. O-O Nc6 7. a3 e5 8. dxe5 Nxe5 9. Nxe5 Bxe5 10. f4 Bc7 11. b4 b6 12. Nd2 O-O 13. Nf3 Bb7 14. Ra2 Qe7 15. Re1 Ne4 16. Bxe4 dxe4 17. Ng5 h6 18. Nh3 Rfd8 19. Qc2 c4 20. Nf2 b5 21. Rd1 Bb6 22. a4 a6 23. axb5 axb5 24. Rxa8 Bxa8 25. Rxd8+ Qxd8 26. Qd2 Qc7 27. Kf1 Kf8 28. Ke2 Ke7 29. Qc2 f5 30. g4 Qd7 31. h3 Qe6 32. Qd1 Qf6 33. Bd2 Bc6 34. Qg1 g6 35. gxf5 Qxf5 36. Qg3 h5 37. Qh4+ Qf6 38. Qg3 Qf5 39. Qg1 Kf7 40. Qg3 Bd8 {(=)} 1/2-1/2